MDQL
is popping MORE tags! Check the
thread
!
Quizzes
Events
Quiz Creation
Community
Videos
Private Events
Remove Ads
Sign In
Join for FREE
Feedback
Dark Mode
Quiz Categories
Sports
Geography
Music
Movies
Television
Just For Fun
Miscellaneous
History
Literature
Language
Science
Gaming
Entertainment
Religion
Holiday
For Kids
Quiz Lab
Recent
Popular Today
Quiz Kudos Today
Editor Picks
Curator Picks
Quizzes by...
Day
Popularity
Type
Ratings
Length
Year
Community
Subscriptions
Recent Discussions
Orange Saloon
Badges
Playlists
Quests
Create
Leaderboards
Showdown
Live 5
Trivia Bingo
Activity
Puzzle Library
Sporcle Events
Private Events
Virtual Trivia
Globe League
Become a Host
Pub Owners
SporcleCon
Opinionation
Our Games
Videos
Blog
Mobile Apps
Partnerships
Remove Ads and Go Orange
Feedback
Music
Pop Music
The Beatles
Song
Album
Lyrics
Bands
Singers
Artist
Clip
Rock
Rap
Classical
Billboard
Country Music
Kpop
Taylor Swift
Music
Pop Music
The Beatles
Song
Album
Lyrics
Bands
Singers
Artist
Clip
Rock
Rap
Classical
Billboard
Country Music
Kpop
Taylor Swift
Random Quiz
Search Sporcle
×
Quiz Lab
Quiz Lab
Music
Kpop
Type in answers that appear in a list
Type in answers that appear in a list
Classic
Best Score? Go Orange.
༺ateez profile༻ Stats
Stan ateez
By
lelescookies
15m
45 Questions
533 Plays
533 Plays
533 Plays
Comments
Comments
Give Quiz Kudos
Give Quiz Kudos
-
- Ratings
hide this ad
Replay
Link that replays current quiz
Next Quiz
Link to next quiz in quiz playlist
You Got
0%
They Got
Avg Score
69%
Avg Friend Score
Upgrade to see
Score Distribution
Jump to the score distribution portion of the page
Score
0/45
Timer
15:00
0
Plays Today
Hint
Answer
% Correct
(≧◡≦)
ʜᴏɴɢᴊᴏᴏɴɢ
92.3%
ʙᴀꜱɪᴄ ɪɴꜰᴏ
ᴀᴛɪɴʏ
91.9%
ʙᴀꜱɪᴄ ɪɴꜰᴏ
ᴋQ ᴇɴᴛᴇʀᴛᴀɪɴᴍᴇɴᴛ
90.2%
ヽ(´▽`)ノ
ꜱᴇᴏɴɢʜᴡᴀ
89.1%
ʕ·ᴥ·ʔ
ʏᴜɴʜᴏ
88.2%
┏(^0^)┛
ꜱᴀɴ
87.6%
(≧◡≦)
ᴋɪᴍ ʜᴏɴɢᴊᴏᴏɴɢ
87.2%
(◕‿◕✿)
ʏᴇᴏꜱᴀɴɢ
86.7%
\(^-
^)/
ᴍɪɴɢɪ
86.5%
◕3◕
ᴡᴏᴏʏᴏᴜɴɢ
86.3%
ᵔᴥᵔ
ᴊᴏɴɢʜᴏ
86.1%
┏(^0^)┛
ᴄʜᴏɪ ꜱᴀɴ
82%
ヽ(´▽`)ノ
ᴘᴀʀᴋ ꜱᴇᴏɴɢʜᴡᴀ
80.3%
(◕‿◕✿)
ᴋᴀɴɢ ʏᴇᴏꜱᴀɴɢ
77.9%
ᵔᴥᵔ
ᴄʜᴏɪ ᴊᴏɴɢʜᴏ
77.9%
\(^-
^)/
ꜱᴏɴɢ ᴍɪɴɢɪ
77.7%
ʕ·ᴥ·ʔ
ᴊᴇᴏɴɢ ʏᴜɴʜᴏ
77.3%
◕3◕
ᴊᴜɴɢ ᴡᴏᴏʏᴏᴜɴɢ
77.3%
◕3◕
ʙʟᴀᴄᴋ
75.4%
\(^-
^)/
ᴅᴀʀᴋ ʙʟᴜᴇ
74.1%
ʙᴀꜱɪᴄ ɪɴꜰᴏ
8
73.7%
┏(^0^)┛
ᴘᴜʀᴘʟᴇ
73.5%
ʙᴀꜱɪᴄ ɪɴꜰᴏ
ᴛʀᴇᴀꜱᴜʀᴇ & ᴘɪʀᴀᴛᴇ ᴋɪɴɢ
72.8%
Hint
Answer
% Correct
ヽ(´▽`)ノ
ᴀʀɪᴇꜱ
70.2%
ʕ·ᴥ·ʔ
ᴀʀɪᴇꜱ
70.2%
(≧◡≦)
ꜱᴄᴏʀᴘɪᴏ
70%
ʙᴀꜱɪᴄ ɪɴꜰᴏ
24 ᴏᴄᴛᴏʙᴇʀ 2018
69%
\(^-
^)/
ʟᴇᴏ
67.7%
(◕‿◕✿)
ɢᴇᴍɪɴɪ
67.2%
┏(^0^)┛
ᴄᴀɴᴄᴇʀ
67.2%
ᵔᴥᵔ
ʟɪʙʀᴀ
62.9%
◕3◕
ꜱᴀɢɪᴛᴛᴀʀɪᴜꜱ
61.2%
(≧◡≦)
7 ɴᴏᴠᴇᴍʙᴇʀ 1998
56.1%
ヽ(´▽`)ノ
3 ᴀᴘʀɪʟ 1998
55.2%
ʕ·ᴥ·ʔ
23 ᴍᴀʀᴄʜ 1999
54%
(◕‿◕✿)
15 ᴊᴜɴᴇ 1999
53.8%
┏(^0^)┛
10 ᴊᴜʟʏ 1999
53.8%
◕3◕
26 ɴᴏᴠᴇᴍʙᴇʀ 1999
53.7%
\(^-
^)/
9 ᴀᴜɢᴜꜱᴛ 1999
52.9%
ᵔᴥᵔ
12 ᴏᴄᴛᴏʙᴇʀ 2000
50.8%
(◕‿◕✿)
ʙʟᴀᴄᴋ & ʀᴇᴅ
41.1%
ᵔᴥᵔ
ʙʟᴀᴄᴋ & ʀᴇᴅ
41.1%
ʕ·ᴥ·ʔ
ᴀʟʟ ᴄᴏʟᴏᴜʀꜱ
35.3%
ヽ(´▽`)ノ
ʙʟᴀᴄᴋ & ʙʟᴜᴇ
33%
(≧◡≦)
ʀᴇᴅ & ʏᴇʟʟᴏᴡ
32.3%
Quiz Playlist
Details
Report
Send in Message
Add To Playlist
Classic:
Type in answers that appear in a list
Last Updated: Feb 16, 2020
Quiz Scoreboard
CHALLENGE
Sign Up to Join the Scoreboard
Show All
Scores
Hide
Comments
May contain spoilers
Recently Published
Two Season TV Shows II
by 123Four
Television
10m
Image Sorting: Flags VI
by Barbecue
Geography
2m
Find the 'City' Movie
by crazypaving
Movies
60s
More to Explore
Quiz From the Vault
Featured Blog Post
14 Easter Pick-up Lines to Find Eggs With
hide this ad
You Might Also Like...
Tags
Kpop Quiz
Ateez
Today's Top Quizzes in Music
Browse Music
hide this ad
Today's Top Quizzes in Kpop
Browse Kpop
Top Contributed Quizzes in Music
1
5X2 Blitz: Bands II
2
5X2 Blitz: The Beatles
3
Taylor Swift All Songs (2024)
4
5X2 Blitz: Billboard
5
5X2 Blitz: Billboard II
6
5X2 Blitz: Album
7
5X2 Blitz: Singers
8
5X2 Blitz: Rock
9
Music Artist by Three 2010s hits
10
5X2 Blitz: Lyrics
Explore More
Trending Topics
Marvel
Anime
Disney
Harry Potter
Kpop
Crossword
NBA
NFL
Pokémon
The Office
Puzzle
Soccer
Country
Song
WWE
hide this ad
More By:
lelescookies
Quiz
Plays
Rating
Category
Featured
Created
K-Pop Playlist - K-Pop Shuffle
2,068
4.00
Music
Nov 6, 2019
Name the top 50 kpop groups according to tumblr
605
4.71
Music
Feb 25, 2020
100 Kpop Songs on Shuffle (November 2019)
595
4.13
Music
Nov 30, 2019
Can you guess the K-Pop Group by hangul name
563
4.92
Music
Dec 25, 2019
༺ateez profile༻
533
4.33
Music
Feb 16, 2020
Go to Creator's Profile
Score Distribution
Quiz Creator Spotlight
lelescookies
Follow
Send a Message
Quizzes Created
-
Created Quiz Play Count
-
More By This Creator
Popular Quizzes Today
1
Find the US States - No Outlines Minefield
2
Colored Red Africa Blitz
3
Find the 'City' Movie
4
5x2 Blitz: Bands
5
The Countries of the World
6
Find the Countries of Europe - No Outlines Minefield
7
Find the US States
8
US States
More Music Quizzes
Musicians by Death Location & Year
Published
Trending Quizzes
Colored Red Europe Blitz I
Colored Red Africa Blitz II
Colored Red Europe Blitz II
Colored Red Africa Blitz III
Colored Red Europe Blitz III
Recently Updated
How Do You Spell That?
pecheneg
Godzilla Movies
pecheneg
Grab Bag: 4-10 Letters
pecheneg
2024 March Madness Bracket
pecheneg
Famous TV Couples
Peacemaker
Champions League XIs: Real Madrid
pecheneg
Largest US Cities 1790-2010
pecheneg
Rides in Walt Disney World
pecheneg
Most Oscar Losses (Acting)
pecheneg
Beyoncé Albums
pecheneg
Trending Topics
Marvel
Crossword
Anime
Kpop
NBA
Harry Potter
Disney
The Office
WWE
Song
Soccer
Pokémon
NFL
Puzzle
Country
Your Account Isn't Verified!
In order to create a playlist on Sporcle, you need to verify the email address you used during registration. Go to your
Sporcle Settings
to finish the process.
Report this User
Report this user for behavior that violates our
Community Guidelines
.
Details:
Send Report
Go to the Sporcle.com Mobile Site →
Comments